| 000 | 01571pam a2200301 a 4500 | ||
|---|---|---|---|
| 001 | 4733123 | ||
| 003 | OSt | ||
| 005 | 20220120115722.0 | ||
| 008 | 840809s1985 maua b 001 0 eng | ||
| 010 | _a 84018502 | ||
| 020 | _a0201601788 | ||
| 040 |
_aDLC _cDLC _dDLC |
||
| 050 | 0 | 0 | _aHB137.H37 |
| 082 | 0 | 0 |
_a519.5/024658 _219 |
| 100 | 1 | _aHarnett, Donald L. | |
| 245 | 1 | 0 |
_aStatistical analysis for business and economics. / _cDonald L. Harnett, James L. Murphy. |
| 250 | _aFirst Canadian ed.. | ||
| 260 |
_aReading, Mass. : _bAddison-Wesley, _c1993. |
||
| 300 |
_axvi, 951 p. : _bill. ; _c24 cm. |
||
| 504 | _aIncludes bibliography and index. | ||
| 505 | _aContents: Introduction and descriptive statistics -- Summary measures for populations -- Probability theory: discrete sample spaces -- Discrete random variables and expectations -- Discrete probability distributions -- Probability theory: continuous random variables -- Sampling and sampling distributions -- Quality control -- Estimation -- Hypothesis testing: one-sampling tests -- Hypothesis testing: multi-sample tests -- Analysis of variance -- Simple regression and correlation -- Multiple regression and correlation analysis -- Econometric analysis -- Time series and index numbers -- Statistical decision theory -- Nonparametric statistics -- Linear programming -- | ||
| 650 | 0 |
_aEconomics _xStatistical methods. |
|
| 650 | 0 | _aCommercial statistics. | |
| 650 | 0 | _aStatistics. | |
| 700 | 1 |
_aMurphy, James L., _d1939- |
|
| 906 |
_a7 _bcbc _corignew _d1 _eocip _f19 _gy-gencatlg |
||
| 942 |
_2lcc _cBK |
||
| 999 |
_c8451 _d15951 |
||